Estadísticas para Rosco de Pasapalabra #5

Haz click aquí para intentar la prueba.

Estadísticas generales

  • Esta prueba ha sido intentada 282 veces
  • La puntuación promedio es 13 de 25

Estadísticas de respuestas

InicialDefiniciónRespuesta% Correcto
CTela que cuelga de puertas y ventanas como adorno o para aislar de la luzCortina
94%
BGrupo de delincuentes armados que opera de manera organizadaBanda
93%
DUnidad de longitud equivalente a la décima parte de un metroDecímetro
92%
ABolsa o levantamiento en la piel, relleno de líquido, que se forma por una quemadura o un roce continuadoAmpolla
88%
LCosmético líquido e incoloro que se vaporiza sobre el pelo para fijarloLaca
86%
Contiene la ÑPerteneciente o relativo a una islaIsleño
84%
RCada serie de consumiciones que toma un grupo en un barRonda
76%
HPolvo que resulta de la molienda del trigo o de otras semillasHarina
72%
ESituación de peligro o desastre que requiere una acción inmediataEmergencia
71%
JPájaro muy común en España, de doce centímetros de longitud, que canta bien, y puede cruzarse con el canarioJilguero
62%
SEdificio dedicado a la congregación y culto de la religión judíaSinagoga
60%
IAcción y efecto de cubrir el agua un lugar determinado o un territorioInundación
55%
Contiene la XUnir o incorporar algo, especialmente un país o una parte de su territorio, a otroAnexionar
54%
TPalabrota, palabra ofensiva o groseraTaco
53%
OSe dice del hueso que forma la parte posterior inferior del cráneoOccipital
46%
FPartidario exaltado e intolerante de una creenciaFanático
41%
NAnular, controlar o disminuir la efectividad de algo o de alguien considerados peligrososNeutralizar
33%
YColoquialmente, miedo, aprensiónYuyu
33%
ZMovimiento revolucionario que lideró Emiliano Zapata en México a principios del siglo XXZapatismo
31%
UInjuria, ofensa o desprecio que se le hace a una persona con palabras o accionesUltraje
19%
Contiene la QPosibilidad de doble interpretación que existe en una expresiónEquívoco
4%
MObrero que ayuda al oficial a emplear los materialesManobre
2%
VManada de ganado, por lo común de cerdos, que pertenece a un vecindarioVecera
2%
GApellido del antropólogo, experto en sociedades africanas, autor del libro 'Costumbre y conflicto en África'Gluckman
1%
PNombre del museo de arte de la ciudad estadounidense de Tulsa, en Oklahoma, situado en una villa renacentistaPhilbrook
1%

Distribución de puntuación

Porcentaje por número respondido

Porcentaje de gente con cada puntuación

Historial de tus puntuaciones

No has intentado esta prueba.